| 000 | 00863nam a2200265 4500 | ||
|---|---|---|---|
| 001 | 72856 | ||
| 003 | BD-RjUL | ||
| 005 | 20211209082322.0 | ||
| 008 | 170524s1980 miua b 101 0 eng d | ||
| 020 | _a0250402890 | ||
| 035 | _a(BD-RjUL)73074 | ||
| 040 |
_aDLC _cDLC _dDLC _beng |
||
| 041 | _aeng | ||
| 082 | 0 | 0 |
_a572.54 _223 _bNIT 1980 |
| 245 | 0 | 0 |
_aNitrogen oxides and their effects on health / _cedited by S. D. Lee |
| 260 |
_aAnn Arbor, Mich. : _bAnn Arbor Science, _cc1980. |
||
| 300 |
_aix, 382 p. : _bill. ; _c24 cm. |
||
| 504 | _aIncludes bibliographical references and index. | ||
| 650 | 0 |
_aNitrogen _9159055 |
|
| 650 | 0 |
_aNitrogen oxides _xEnvironmental aspects _xCongresses. _9215499 |
|
| 650 | 0 |
_aNitrogen oxides _xPhysiological effect _xCongresses. _9215500 |
|
| 700 | 1 |
_aLee, S. D. _q(Si Duk) _9215502 |
|
| 942 |
_2ddc _cBK |
||
| 999 |
_c72856 _d72856 |
||